[Event "FICS rated blitz game"]
[Site "FICS freechess.org"]
[Date "2018.01.16"]
[Round "?"]
[White "RISKYRISKY"]
[Black "smarlny"]
[Result "1/2-1/2"]
[WhiteElo "1429"]
[BlackElo "1394"]
[PlyCount "81"]
[EventDate "2018.??.??"]
[EventType "blitz"]

1. e4 e5 2. Nf3 Nc6 3. c3 Nf6 4. d3 d6 5. g3 Be7 6. Bg2 Bd7 7. O-O Qc8 8. Be3
Bh3 9. Nbd2 Bxg2 10. Kxg2 Qg4 11. Nh4 Qxd1 12. Rfxd1 O-O 13. Nf5 Rae8 14. h3
Nd7 15. Nxe7+ Nxe7 16. c4 b6 17. b4 f5 18. f4 exf4 19. Bxf4 fxe4 20. Nxe4 Ng6
21. Rf1 Nxf4+ 22. Rxf4 Rxf4 23. gxf4 h6 24. Kf2 Kf7 25. Re1 Nf6 26. Kf3 Nxe4
27. Rxe4 Rxe4 28. Kxe4 Ke6 29. d4 c6 30. d5+ cxd5+ 31. cxd5+ Kf6 32. h4 h5 33.
b5 g6 34. a4 Ke7 35. f5 Kf6 36. fxg6 Kxg6 37. Kf4 Kf6 38. Ke4 Kg6 39. Kf4 Kf6
40. Ke4 Kg6 41. Kf4 1/2-1/2

[Event "FICS rated blitz game"]
[Site "FICS freechess.org"]
[Date "2018.01.16"]
[Round "?"]
[White "denk"]
[Black "pawanchamp"]
[Result "0-1"]
[WhiteElo "1397"]
[BlackElo "1372"]
[PlyCount "24"]
[EventDate "2018.??.??"]
[EventType "blitz"]

1. e4 e5 2. Nf3 Nc6 3. c3 Nf6 4. Bc4 h6 5. d4 exd4 6. cxd4 Nxe4 7. O-O Nf6 8.
Re1+ Be7 9. d5 Nb8 10. d6 cxd6 11. Qxd6 Nc6 12. Qg3 Rg8 0-1

[Event "FICS rated blitz game"]
[Site "FICS freechess.org"]
[Date "2018.01.16"]
[Round "?"]
[White "SargonV"]
[Black "davethebravo"]
[Result "1-0"]
[WhiteElo "1483"]
[BlackElo "1446"]
[PlyCount "117"]
[EventDate "2018.??.??"]
[EventType "blitz"]

1. e4 e5 2. Nf3 Nc6 3. c3 Bc5 4. d4 exd4 5. cxd4 Bb6 6. Nc3 d6 7. d5 Ne5 8.
Nxe5 dxe5 9. Bb5+ Bd7 10. Bxd7+ Qxd7 11. O-O Nf6 12. Qe1 h5 13. Kh1 Qe7 14. f3
O-O-O 15. Ne2 Ng4 16. Ng3 f6 17. Nf5 Qf7 18. fxg4 hxg4 19. Be3 Bxe3 20. Qxe3 g6
21. Ng3 Qh7 22. Kg1 Qxh2+ 23. Kf2 Qh7 24. Rh1 Qg7 25. Rxh8 Rxh8 26. Qxa7 f5 27.
exf5 gxf5 28. Qa8+ Kd7 29. Qxb7 e4 30. Rc1 Qd4+ 31. Kf1 Qd3+ 32. Ke1 Qe3+ 33.
Kd1 Qxg3 34. Qc6+ Ke7 35. Qxc7+ Qxc7 36. Rxc7+ Kd6 37. Rf7 Ke5 38. d6 Rd8 39.
d7 Ke6 40. Rg7 Rxd7+ 41. Rxd7 Kxd7 42. g3 Kd6 43. Ke2 Kd5 44. Ke3 Ke5 45. a4
f4+ 46. gxf4+ Kd5 47. a5 Kc6 48. a6 Kb6 49. Kxe4 g3 50. Kf3 g2 51. Kxg2 Kxa6
52. f5 Kb7 53. f6 Kc7 54. b4 Kd7 55. b5 Ke6 56. b6 Kxf6 57. b7 Ke7 58. b8=Q Kd7
59. Kf3 1-0

[Event "FICS rated blitz game"]
[Site "FICS freechess.org"]
[Date "2018.01.16"]
[Round "?"]
[White "proximab"]
[Black "Domingomorenoasen"]
[Result "1-0"]
[WhiteElo "2075"]
[BlackElo "1450"]
[PlyCount "63"]
[EventDate "2018.??.??"]
[EventType "blitz"]

1. e4 e5 2. Nf3 Nc6 3. c3 d5 4. Qa4 Bd7 5. exd5 Nd4 6. Qd1 Nxf3+ 7. Qxf3 Nf6 8.
Bc4 Bg4 9. Qe3 Bd6 10. h3 Bf5 11. Qg5 Bg6 12. O-O O-O 13. d3 a6 14. Qd2 Qd7 15.
Qe3 Rfe8 16. Re1 b6 17. Nd2 Bc5 18. Qf3 Bh5 19. Qg3 Nxd5 20. Ne4 Bg6 21. Nxc5
bxc5 22. Rxe5 Nb6 23. Rxc5 Nxc4 24. dxc4 Re1+ 25. Kh2 Qd1 26. Qxc7 Rae8 27. Rc6
Rh1+ 28. Kg3 Qd3+ 29. f3 Qe2 30. Rxa6 Rg1 31. Kh4 Rxg2 32. Bf4 1-0

[Event "FICS rated blitz game"]
[Site "FICS freechess.org"]
[Date "2018.01.16"]
[Round "?"]
[White "proximab"]
[Black "Ppassedpawn"]
[Result "1-0"]
[WhiteElo "2094"]
[BlackElo "851"]
[PlyCount "65"]
[EventDate "2018.??.??"]
[EventType "blitz"]

1. e4 e5 2. Nf3 Nc6 3. c3 Nf6 4. d4 d5 5. Bb5 a6 6. exd5 Nxd5 7. Bxc6+ bxc6 8.
Nxe5 Bb7 9. Qg4 Bd6 10. Qxg7 Qf6 11. Qxf6 Nxf6 12. O-O O-O-O 13. Nxf7 Ne4 14.
Nd2 Nxd2 15. Bxd2 c5 16. g3 Rdf8 17. Nxh8 Rxh8 18. dxc5 Bxc5 19. b4 Bb6 20.
Rfe1 Rf8 21. Bf4 h5 22. a4 a5 23. Re5 Rh8 24. bxa5 Bxa5 25. Rxa5 h4 26. Rc5 c6
27. a5 Ba8 28. Re1 hxg3 29. fxg3 Rd8 30. h4 Rd5 31. Rxd5 cxd5 32. Re8+ Kd7 33.
Rxa8 1-0

[Event "FICS rated blitz game"]
[Site "FICS freechess.org"]
[Date "2018.01.16"]
[Round "?"]
[White "climbit"]
[Black "Choby"]
[Result "1-0"]
[WhiteElo "1678"]
[BlackElo "1623"]
[PlyCount "107"]
[EventDate "2018.??.??"]
[EventType "blitz"]

1. e4 e5 2. Nf3 Nc6 3. c3 d6 4. d4 Bg4 5. d5 Nb8 6. Be2 Nf6 7. Bg5 Be7 8. Bxf6
Bxf6 9. Nbd2 O-O 10. Qc2 Nd7 11. b4 c5 12. dxc6 bxc6 13. O-O d5 14. Rfd1 d4 15.
cxd4 exd4 16. Bc4 d3 17. Bxd3 Bxa1 18. Rxa1 Qb6 19. a3 Rfc8 20. Be2 Nf6 21. Nc4
Qc7 22. e5 Nd5 23. Nd6 Rd8 24. Qc4 Be6 25. Qc2 Nf4 26. Bc4 Bxc4 27. Qxc4 Nd5
28. h3 Nb6 29. Qc2 Nd5 30. Nd4 Qe7 31. Qe4 Qe6 32. N4f5 g6 33. Nh6+ Kg7 34. Ng4
Rxd6 35. Qc4 f5 36. exd6 fxg4 37. Qxc6 Rc8 38. Qb7+ Kh6 39. hxg4 Re8 40. Qxa7
Qxd6 41. g5+ Kxg5 42. g3 Qe6 43. Qc5 Qe5 44. Rd1 Ne3 45. Qxe5+ Rxe5 46. fxe3
Rxe3 47. Ra1 Rxg3+ 48. Kf2 Rb3 49. Rg1+ Kf6 50. Rh1 Kg7 51. Ra1 Rb2+ 52. Ke3 h5
53. Kd4 h4 54. Kc3 1-0

[Event "FICS rated standard game"]
[Site "FICS freechess.org"]
[Date "2018.01.16"]
[Round "?"]
[White "homeallen"]
[Black "FifeFlyer"]
[Result "0-1"]
[WhiteElo "1566"]
[BlackElo "1411"]
[PlyCount "54"]
[EventDate "2018.??.??"]

1. e4 e5 2. Nf3 Nc6 3. c3 a6 4. d4 exd4 5. cxd4 Bb4+ 6. Bd2 Be7 7. d5 Na7 8.
Nc3 d6 9. Bf4 Nf6 10. e5 dxe5 11. Bxe5 O-O 12. Be2 Bd6 13. Bxd6 Qxd6 14. O-O
Bd7 15. Qd4 Nb5 16. Nxb5 axb5 17. b3 Nxd5 18. Rfd1 Bc6 19. Ne5 Rfe8 20. Nxc6
bxc6 21. Bf3 Re5 22. Rac1 Qf6 23. Rxc6 Re1+ 24. Rxe1 Qxd4 25. Bxd5 Qxd5 26. Ra6
h6 27. Rxa8+ Qxa8 0-1

[Event "FICS rated blitz game"]
[Site "FICS freechess.org"]
[Date "2018.01.16"]
[Round "?"]
[White "Fullball"]
[Black "mjmonday"]
[Result "1-0"]
[WhiteElo "1087"]
[BlackElo "1200"]
[PlyCount "93"]
[EventDate "2018.??.??"]
[EventType "blitz"]

1. e4 e5 2. Nf3 Nc6 3. c3 Nf6 4. d3 h6 5. h3 Be7 6. b4 a6 7. a4 d6 8. a5 Bd7 9.
Nbd2 O-O 10. Be2 d5 11. d4 exd4 12. Nxd4 Nxd4 13. cxd4 dxe4 14. Nc4 Bxb4+ 15.
Bd2 Bxd2+ 16. Qxd2 Bc6 17. Qe3 Qd5 18. O-O Bb5 19. Ne5 Bxe2 20. Qxe2 Qxd4 21.
Nc4 Rad8 22. Rfd1 Qa7 23. Rdc1 b5 24. axb6 cxb6 25. Ne5 Rde8 26. Rxa6 Qb7 27.
Nc6 Nd5 28. Ra7 Qc8 29. Ne7+ Rxe7 30. Rxc8 Rxa7 31. Rxf8+ Kxf8 32. Qxe4 Ra1+
33. Kh2 Rd1 34. Qe2 Rb1 35. Qa2 Rd1 36. g3 g6 37. Qc2 Ra1 38. Qc8+ Kg7 39. Qe8
Ra2 40. Qe5+ Kf8 41. Qxd5 Rxf2+ 42. Kg1 Rb2 43. Qd6+ Kg8 44. Qb8+ Kh7 45. Kf1
Rb3 46. h4 Rxg3 47. Qxg3 {Black resigns} 1-0

[Event "FICS rated lightning game"]
[Site "FICS freechess.org"]
[Date "2018.01.16"]
[Round "?"]
[White "kungzeb"]
[Black "rossoscuro"]
[Result "0-1"]
[WhiteElo "1766"]
[BlackElo "1921"]
[PlyCount "90"]
[EventDate "2018.??.??"]

1. e4 e5 2. Nf3 Nc6 3. c3 d5 4. exd5 Qxd5 5. d4 e4 6. Nfd2 f5 7. Bc4 Qd8 8. Qb3
Nf6 9. Bf7+ Ke7 10. O-O Qd6 11. Nc4 Qd7 12. Bg5 Kxf7 13. Ne5+ Ke7 14. Nxd7 Kxd7
15. Bxf6 gxf6 16. d5 Ne5 17. Nd2 Bd6 18. Nc4 Rg8 19. Nxd6 cxd6 20. Qb5+ Ke7 21.
c4 Bd7 22. Qxb7 Rg7 23. Rad1 Rag8 24. g3 f4 25. c5 fxg3 26. fxg3 Nf3+ 27. Rxf3
exf3 28. c6 Kf8 29. cxd7 Re7 30. d8=Q+ Kf7 31. Qbxe7+ Kg6 32. Qxf6+ Kh5 33.
Qe8+ Rxe8 34. Qf5+ Kh6 35. g4 Re2 36. h4 Rxb2 37. g5+ Kh5 38. Qxf3+ Kg6 39. Rd4
Rb1+ 40. Kg2 Rb2+ 41. Kg3 Rb1 42. h5+ Kg7 43. Re4 Rg1+ 44. Kf4 Rxg5 45. Kxg5
h6+ 0-1

[Event "FICS rated blitz game"]
[Site "FICS freechess.org"]
[Date "2018.01.16"]
[Round "?"]
[White "windbumwino"]
[Black "cadger"]
[Result "1-0"]
[WhiteElo "1464"]
[BlackElo "1527"]
[PlyCount "93"]
[EventDate "2018.??.??"]
[EventType "blitz"]

1. e4 e5 2. c3 Nc6 3. Nf3 Nf6 4. d4 exd4 5. cxd4 Nxe4 6. d5 Nb8 7. Bd3 Nd6 8.
Qe2+ Be7 9. O-O O-O 10. Bf4 c6 11. dxc6 dxc6 12. Re1 Bf6 13. Qc2 g6 14. Bh6 Re8
15. Nc3 Nf5 16. Bxf5 Bxf5 17. Qd2 Na6 18. Qxd8 Raxd8 19. Rxe8+ Rxe8 20. Re1 Nc7
21. Rxe8+ Nxe8 22. Nh4 Bc8 23. Nf3 Bxc3 24. bxc3 Nd6 25. Nd4 Ne4 26. c4 Nd6 27.
c5 Ne4 28. Nb3 Be6 29. Be3 Kf8 30. f3 Bxb3 31. axb3 Nf6 32. Kf2 Nd5 33. Bd2 Ke7
34. g4 Ke6 35. Kg3 Nc7 36. h4 Kd5 37. b4 Na6 38. f4 Kc4 39. Kf3 Nxb4 40. Ke4
Na6 41. f5 Nxc5+ 42. Ke5 Nd3+ 43. Kf6 b5 44. fxg6 b4 45. gxf7 b3 46. f8=Q b2
47. Qb8 {Black resigns} 1-0

[Event "FICS rated lightning game"]
[Site "FICS freechess.org"]
[Date "2018.01.16"]
[Round "?"]
[White "Staples"]
[Black "moshessin"]
[Result "0-1"]
[WhiteElo "1789"]
[BlackElo "1877"]
[PlyCount "104"]
[EventDate "2018.??.??"]

1. e4 e5 2. c3 Nc6 3. Nf3 Nf6 4. Bc4 d6 5. Bxf7+ Kxf7 6. Qb3+ Ke8 7. Ng5 Qe7 8.
O-O h6 9. Nf3 Rb8 10. d3 Be6 11. Qc2 Qd8 12. Be3 Be7 13. d4 exd4 14. Bxd4 Nxd4
15. cxd4 Kf7 16. e5 dxe5 17. dxe5 Nd5 18. Nc3 Rf8 19. Rad1 Qc8 20. Nd4 Nxc3 21.
bxc3 Kg8 22. Nxe6 Qxe6 23. Rfe1 Rbd8 24. Rc1 Rd7 25. Rcd1 Rfd8 26. Rxd7 Rxd7
27. g3 Rd5 28. c4 Rd4 29. c5 Qc4 30. Qf5 Bxc5 31. Qc8+ Kh7 32. Qf5+ Kh8 33. e6
Be7 34. Qf7 Qc5 35. Qe8+ Kh7 36. Qf7 Qd6 37. Rc1 Rd1+ 38. Rxd1 Qxd1+ 39. Kg2
Qd6 40. Qf5+ Kh8 41. Qf7 Bf6 42. e7 Qxe7 43. Qd5 Qe5 44. Qf3 c6 45. h4 Qd5 46.
Qxd5 cxd5 47. f4 Kg8 48. Kf3 Kf7 49. g4 Be7 50. g5 Bd6 51. g6+ Kf6 52. h5 b6
0-1

[Event "FICS rated blitz game"]
[Site "FICS freechess.org"]
[Date "2018.01.16"]
[Round "?"]
[White "bakonyi"]
[Black "matovic"]
[Result "1-0"]
[WhiteElo "1935"]
[BlackElo "1913"]
[PlyCount "65"]
[EventDate "2018.??.??"]
[EventType "blitz"]

1. e4 e5 2. Nf3 Nc6 3. c3 d5 4. Qa4 dxe4 5. Nxe5 Qd6 6. Nxc6 bxc6 7. Qxe4+ Be6
8. d4 Nf6 9. Qc2 Be7 10. Be2 O-O 11. O-O c5 12. Be3 cxd4 13. Bxd4 c5 14. Be3
Ng4 15. Bxg4 Bxg4 16. Nd2 Be6 17. Ne4 Qd5 18. c4 Qh5 19. Ng3 Qg4 20. b3 Bf6 21.
Rad1 Rad8 22. h3 Qh4 23. Bxc5 Be5 24. Bxf8 Rxf8 25. Qd3 f5 26. Rfe1 Bxg3 27.
Qxg3 Qf6 28. Qe5 f4 29. Qxf6 Rxf6 30. Rd6 Kf7 31. Rexe6 Rxe6 32. Rxe6 Kxe6 33.
Kf1 {Black resigns} 1-0

[Event "FICS rated blitz game"]
[Site "FICS freechess.org"]
[Date "2018.01.16"]
[Round "?"]
[White "sasfro"]
[Black "Collibri"]
[Result "1-0"]
[WhiteElo "1264"]
[BlackElo "1307"]
[PlyCount "77"]
[EventDate "2018.??.??"]
[EventType "blitz"]

1. e4 e5 2. Nf3 Nc6 3. c3 d6 4. Bb5 Bd7 5. d4 Be7 6. d5 Nb8 7. Be2 Nf6 8. Nbd2
O-O 9. O-O c6 10. c4 cxd5 11. cxd5 h5 12. h3 Nh7 13. b4 g5 14. Nh2 g4 15. hxg4
hxg4 16. Bxg4 Bxg4 17. Qxg4+ Kh8 18. Nc4 Rg8 19. Qf5 Qf8 20. f4 exf4 21. Bxf4
b5 22. Ne3 Na6 23. a3 Qg7 24. Qh3 Bg5 25. Nf5 Qf6 26. Bxg5 Rxg5 27. Nh6 Qd4+
28. Kh1 Rf8 29. Rad1 Qg7 30. Nf5 Qe5 31. Nf3 Qf4 32. Nxg5 Qxg5 33. Nh6 Nc7 34.
Nxf7+ Rxf7 35. Rxf7 Qg6 36. Rxc7 Kg8 37. Rxh7 Qxh7 38. Qxh7+ Kxh7 39. Rf1 {
Black resigns} 1-0

[Event "FICS rated blitz game"]
[Site "FICS freechess.org"]
[Date "2018.01.16"]
[Round "?"]
[White "BiH"]
[Black "vegetables"]
[Result "0-1"]
[WhiteElo "1581"]
[BlackElo "1630"]
[PlyCount "72"]
[EventDate "2018.??.??"]
[EventType "blitz"]

1. e4 e5 2. Nf3 Nc6 3. c3 Nf6 4. d4 exd4 5. e5 Nd5 6. cxd4 Bb4+ 7. Nbd2 O-O 8.
Bc4 Nb6 9. Bd3 d5 10. O-O Bg4 11. Qc2 h6 12. Be2 Re8 13. Bb5 Re6 14. Qd3 a6 15.
Bxc6 Rxc6 16. a3 Be7 17. b3 Qd7 18. h3 Bf5 19. Qe3 a5 20. Re1 a4 21. b4 Nc4 22.
Nxc4 Rxc4 23. Nd2 Rc2 24. f4 b6 25. Qg3 c5 26. Nf3 cxb4 27. axb4 Bxb4 28. e6
Bxe6 29. Ne5 Qc7 30. Rf1 Bc3 31. f5 Bxd4+ 32. Kh2 Bxe5 33. Bf4 Bxf4 34. Rxf4
Bd7 35. f6 g6 36. Qh4 Kh7 0-1

[Event "FICS rated blitz game"]
[Site "FICS freechess.org"]
[Date "2018.01.16"]
[Round "?"]
[White "GriffySr"]
[Black "Grun"]
[Result "1-0"]
[WhiteElo "1917"]
[BlackElo "1660"]
[PlyCount "37"]
[EventDate "2018.??.??"]
[EventType "blitz"]

1. e4 e5 2. Nf3 Nc6 3. c3 Bc5 4. Bc4 d6 5. d4 exd4 6. cxd4 Bb4+ 7. Nc3 Nf6 8.
O-O Bxc3 9. bxc3 d5 10. exd5 Nxd5 11. Qb3 Be6 12. Qxb7 Na5 13. Bb5+ c6 14.
Bxc6+ Nxc6 15. Qxc6+ Kf8 16. Ng5 Nf6 17. Ba3+ Kg8 18. Nxe6 fxe6 19. Qxe6# {
Black checkmated} 1-0

[Event "FICS rated blitz game"]
[Site "FICS freechess.org"]
[Date "2018.01.16"]
[Round "?"]
[White "ashups"]
[Black "sdarjee"]
[Result "1-0"]
[WhiteElo "1237"]
[BlackElo "1367"]
[PlyCount "61"]
[EventDate "2018.??.??"]
[EventType "blitz"]

1. e4 e5 2. Nf3 Nc6 3. c3 d5 4. exd5 Qxd5 5. d4 exd4 6. c4 Qd8 7. Bd3 Bb4+ 8.
Bd2 Nf6 9. Bxb4 Nxb4 10. a3 Nxd3+ 11. Qxd3 O-O 12. O-O c5 13. b4 b6 14. bxc5
bxc5 15. Nbd2 Bb7 16. Rae1 Qc7 17. Ne5 Rfe8 18. Ndf3 h6 19. a4 a5 20. Qf5 Bc8
21. Qf4 Nh5 22. Qe4 Bb7 23. Qf5 Nf6 24. g4 Bc8 25. Qf4 Qd6 26. Nh4 g5 27. Qd2
gxh4 28. Qxh6 Bxg4 29. Qg5+ Kf8 30. Qh6+ Kg8 31. Qxh4 1-0

[Event "FICS rated standard game"]
[Site "FICS freechess.org"]
[Date "2018.01.16"]
[Round "?"]
[White "piaanist"]
[Black "ancientdestroyer"]
[Result "0-1"]
[WhiteElo "1460"]
[BlackElo "1488"]
[PlyCount "72"]
[EventDate "2018.??.??"]

1. e4 e5 2. Nf3 Nc6 3. c3 Nf6 4. Bd3 d6 5. Bc2 Be7 6. d4 exd4 7. cxd4 Bg4 8.
Bg5 h6 9. Bh4 O-O 10. Bg3 d5 11. exd5 Qxd5 12. Nbd2 Nxd4 13. Be4 Qb5 14. Rc1 c6
15. h3 Bh5 16. b3 Bb4 17. Rc4 Nxe4 18. Rxd4 Rfe8 19. Rc4 Nd6+ 20. Kf1 Nxc4 21.
Nxc4 Rad8 22. Qc1 Bxf3 23. gxf3 Re1+ 24. Qxe1 Bxe1 25. Kxe1 Qb4+ 26. Kf1 Rd1+
27. Kg2 Rxh1 28. Kxh1 Qe1+ 29. Kg2 Qa1 30. Na5 Qxa2 31. Nxb7 Qxb3 32. Nd6 a5
33. Ne4 a4 34. Bd6 a3 35. Be5 a2 36. Bg3 a1=Q {White resigns} 0-1

[Event "FICS rated blitz game"]
[Site "FICS freechess.org"]
[Date "2018.01.16"]
[Round "?"]
[White "fabiuscu"]
[Black "Collibri"]
[Result "0-1"]
[WhiteElo "1138"]
[BlackElo "1307"]
[PlyCount "146"]
[EventDate "2018.??.??"]
[EventType "blitz"]

1. e4 e5 2. Nf3 Nc6 3. c3 d6 4. d4 Be7 5. d5 Nb8 6. b4 Bd7 7. a4 Nf6 8. Bd3 O-O
9. h3 c6 10. c4 c5 11. b5 a6 12. Bb2 axb5 13. axb5 Rxa1 14. Bxa1 Qa5+ 15. Bc3
Qa2 16. Qc2 Qa7 17. Be2 Bd8 18. Bd1 Ba5 19. Bxa5 Qxa5+ 20. Qc3 Qc7 21. Nbd2 Nh5
22. g3 f5 23. Ng5 fxe4 24. Ne6 Bxe6 25. dxe6 Nf6 26. Bg4 Qe7 27. Nf1 h5 28. Be2
Qxe6 29. f3 exf3 30. Bxf3 e4 31. Bg2 Nbd7 32. Ne3 Nb6 33. Rf1 Re8 34. g4 hxg4
35. Nxg4 Nxg4 36. hxg4 Qxg4 37. Qa5 Nxc4 38. Qc7 Qg3+ 39. Rf2 Qc3+ 40. Kf1 Ne3+
41. Kg1 Qe1+ 42. Bf1 Nxf1 43. Qf7+ Kh7 44. Qh5+ Kg8 45. Qxe8+ Kh7 46. Qh5+ Kg8
47. Qd5+ Kh7 48. Rxf1 Qg3+ 49. Kh1 Qh3+ 50. Kg1 Qg4+ 51. Kf2 Qf3+ 52. Ke1 Qg3+
53. Rf2 Qg1+ 54. Ke2 Qg4+ 55. Ke3 Qg3+ 56. Kxe4 Qxf2 57. Qh5+ Kg8 58. Qe8+ Qf8
59. Qe6+ Kh8 60. Qh3+ Kg8 61. Qb3+ Kh7 62. Qh3+ Kg8 63. Qe6+ Qf7 64. Qc8+ Qf8
65. Qe6+ Qf7 66. Qc8+ Kh7 67. Qh3+ Kg6 68. Qg4+ Kf6 69. Qf5+ Ke7 70. Qc8 Qc4+
71. Kf5 Qd3+ 72. Kg5 Qg3+ 73. Kf5 Qh3+ {White resigns} 0-1

[Event "FICS rated standard game"]
[Site "FICS freechess.org"]
[Date "2018.01.16"]
[Round "?"]
[White "PickleRick"]
[Black "Snailliw"]
[Result "1-0"]
[WhiteElo "1624"]
[BlackElo "1472"]
[PlyCount "85"]
[EventDate "2018.??.??"]

1. e4 e5 2. Nf3 Nc6 3. c3 h6 4. d3 Nf6 5. h3 Bc5 6. b4 Bb6 7. b5 Ne7 8. Nxe5
O-O 9. Ng4 h5 10. Nxf6+ gxf6 11. Qxh5 Ng6 12. Nd2 a6 13. bxa6 Rxa6 14. Nf3 d6
15. Nh4 Bf5 16. exf5 Re8+ 17. Be2 Nxh4 18. Qxh4 Kf8 19. Bh6+ Ke7 20. Qe4+ Kd7
21. Qc4 Qe7 22. d4 Kc8 23. Be3 Qd7 24. Qb3 Qxf5 25. Bxa6 bxa6 26. Qxf7 Rd8 27.
O-O d5 28. g4 Qf3 29. Qe6+ Rd7 30. Kh2 Kd8 31. Qg8+ Ke7 32. Rae1 Kd6 33. Qf8+
Kc6 34. Rg1 Rh7 35. Rg3 Qe4 36. Qxf6+ Kb5 37. Qf5 Qe7 38. Qxd5+ c5 39. c4+ Kb4
40. Bd2+ Ka4 41. Rxe7 Rxe7 42. dxc5 Bc7 43. Qc6# {Black checkmated} 1-0

[Event "FICS rated blitz game"]
[Site "FICS freechess.org"]
[Date "2018.01.16"]
[Round "?"]
[White "bakonyi"]
[Black "ferbar"]
[Result "0-1"]
[WhiteElo "1955"]
[BlackElo "1802"]
[PlyCount "42"]
[EventDate "2018.??.??"]
[EventType "blitz"]

1. e4 e5 2. Nf3 Nc6 3. c3 Bc5 4. d4 exd4 5. cxd4 Bb6 6. Nc3 Nf6 7. d5 Nb8 8. e5
Ng4 9. Be3 Bxe3 10. fxe3 Nxe3 11. Qd2 Nxf1 12. Rxf1 Qe7 13. O-O-O h6 14. Ne4 d6
15. exd6 cxd6 16. Qf4 O-O 17. Qxd6 Qxe4 18. Ne5 Bf5 19. Rd3 Nd7 20. Rxf5 Qxf5
21. Nxd7 Qxd3 {White resigns} 0-1

[Event "Montevideo Verano Trebejos op"]
[Site "Montevideo"]
[Date "2018.01.15"]
[Round "1"]
[White "Fernandez Cuneo, Carlos"]
[Black "Saralegui Cassan, Mario"]
[Result "0-1"]
[WhiteElo "1652"]
[BlackElo "2079"]
[PlyCount "90"]
[EventDate "2018.01.15"]
[EventType "swiss"]
[EventRounds "6"]
[EventCountry "URU"]
[SourceTitle "OM OTB B 201907"]
[Source "Opening Master"]
[SourceDate "2019.07.06"]
[SourceVersion "2"]
[SourceVersionDate "2019.07.06"]
[SourceQuality "1"]

1. e4 e5 2. Nf3 Nc6 3. c3 Nf6 4. d3 d5 5. exd5 Nxd5 6. Be2 Be7 7. O-O O-O 8. c4
Nf6 9. Nc3 h6 10. h3 Bf5 11. Be3 Qd7 12. d4 exd4 13. Bxd4 Rad8 14. Be3 a6 15.
a3 Rfe8 16. Qxd7 Rxd7 17. Rad1 Red8 18. Rxd7 Rxd7 19. b4 Bd3 20. b5 Bxe2 21.
bxc6 Bxf1 22. cxd7 Bxc4 23. Bc5 Bd8 24. Ne5 Be6 25. f4 Nxd7 26. Nxd7 Bxd7 27.
Kf2 b6 28. Be3 Be7 29. Nd5 Bd6 30. g4 Bc6 31. Nb4 Bb7 32. h4 a5 33. Nc2 Be4 34.
Nd4 Bxa3 35. Nb5 Bb2 36. Nxc7 a4 37. Nb5 Bd3 38. Bd4 a3 39. Bxb2 axb2 40. Nc3
b1=Q 41. Nxb1 Bxb1 42. Ke3 b5 43. g5 h5 44. Kd4 Ba2 45. f5 b4 0-1

[Event "FICS rated blitz game"]
[Site "FICS freechess.org"]
[Date "2018.01.15"]
[Round "?"]
[White "EricAnn"]
[Black "elidede"]
[Result "0-1"]
[WhiteElo "1699"]
[BlackElo "1609"]
[PlyCount "106"]
[EventDate "2018.??.??"]
[EventType "blitz"]

1. e4 e5 2. Nf3 Nc6 3. c3 Bc5 4. Be2 Qf6 5. O-O d6 6. d3 h5 7. Be3 Bg4 8. Bxc5
dxc5 9. h3 O-O-O 10. Qd2 Nge7 11. Na3 Ng6 12. Qe3 Nf4 13. h4 Bxf3 14. Qxf3 Qxh4
15. g3 Qg5 16. Kh2 Nxe2 17. Qxe2 h4 18. g4 g6 19. Nc2 f5 20. exf5 gxf5 21. Rg1
Qf4+ 22. Kh1 h3 23. Qe3 Qxe3 24. Nxe3 fxg4 25. Rxg4 Rxd3 26. Rd1 Rxd1+ 27. Nxd1
Rd8 28. Ne3 Rd2 29. Rg8+ Nd8 30. Nc4 Rxf2 31. Nxe5 b6 32. Nc6 Kd7 33. Nxd8 Rxb2
34. Nf7 Rxa2 35. Ne5+ Kd6 36. Nc4+ Kc6 37. Rh8 Rc2 38. Ne5+ Kb7 39. Rxh3 a5 40.
Kg1 a4 41. Nc4 b5 42. Na3 Rb2 43. Kf1 Rb3 44. Nc2 a3 45. Ke1 a2 46. Kd2 Rb2 47.
Kd3 Rb1 48. Rh5 a1=Q 49. Nxa1 Rxa1 50. Rxc5 c6 51. Kd4 Kb6 52. Re5 Rd1+ 53. Ke3
Rd5 0-1

[Event "FICS rated blitz game"]
[Site "FICS freechess.org"]
[Date "2018.01.15"]
[Round "?"]
[White "fabiuscu"]
[Black "sdarjee"]
[Result "0-1"]
[WhiteElo "1116"]
[BlackElo "1275"]
[PlyCount "34"]
[EventDate "2018.??.??"]
[EventType "blitz"]

1. e4 e5 2. Nf3 Nc6 3. c3 d5 4. d3 dxe4 5. dxe4 Qxd1+ 6. Kxd1 Bg4 7. Bb5 O-O-O+
8. Ke2 Nf6 9. Bxc6 bxc6 10. Nbd2 Bc5 11. b4 Bb6 12. a4 a6 13. a5 Ba7 14. h3 Bh5
15. g4 Bg6 16. Ng5 h6 17. Nxf7 Bxf7 0-1

[Event "FICS rated blitz game"]
[Site "FICS freechess.org"]
[Date "2018.01.15"]
[Round "?"]
[White "denk"]
[Black "LittleBilbo"]
[Result "0-1"]
[WhiteElo "1369"]
[BlackElo "1424"]
[PlyCount "72"]
[EventDate "2018.??.??"]
[EventType "blitz"]

1. e4 e5 2. Nf3 Nc6 3. c3 Nf6 4. Bc4 Be7 5. d4 exd4 6. cxd4 d6 7. Be2 Nxe4 8.
d5 Ne5 9. Qa4+ Bd7 10. Qxe4 f5 11. Qd4 Bf6 12. Nxe5 Bxe5 13. Qe3 O-O 14. O-O
Qf6 15. Nd2 c6 16. dxc6 Bxc6 17. Nc4 Bd4 18. Qb3 Bd5 19. Bf3 Bxf3 20. Nd2+ Kh8
21. Nxf3 Bc5 22. Bg5 Qf7 23. Be3 Qc7 24. Bxc5 dxc5 25. Rac1 b6 26. Ng5 Qb7 27.
Rc3 h6 28. Rh3 b5 29. Qc3 Qc6 30. Re1 Kg8 31. Ne6 Rf7 32. Qg3 Re8 33. Rxh6 Rxe6
34. Rhxe6 f4 35. Qg5 Qd7 36. Re8+ Rf8 0-1

[Event "FICS rated blitz game"]
[Site "FICS freechess.org"]
[Date "2018.01.15"]
[Round "?"]
[White "djintonic"]
[Black "Shunshun"]
[Result "0-1"]
[WhiteElo "1663"]
[BlackElo "1484"]
[PlyCount "44"]
[EventDate "2018.??.??"]
[EventType "blitz"]

1. e4 e5 2. c3 Nc6 3. Nf3 Nf6 4. d3 Bc5 5. Be3 Bxe3 6. fxe3 d5 7. exd5 Nxd5 8.
Qe2 O-O 9. e4 Nf4 10. Qd2 Bg4 11. Be2 Bxf3 12. gxf3 Qh4+ 13. Kd1 Rad8 14. Kc2
b5 15. Na3 b4 16. Nc4 bxc3 17. bxc3 f6 18. Rag1 Qf2 19. Re1 Qc5 20. h4 Rd7 21.
h5 Rfd8 22. h6 Qxc4 {White resigns} 0-1

[Event "FICS rated standard game"]
[Site "FICS freechess.org"]
[Date "2018.01.15"]
[Round "?"]
[White "alinsodolescu"]
[Black "AnderssenA"]
[Result "0-1"]
[WhiteElo "1722"]
[BlackElo "2404"]
[PlyCount "24"]
[EventDate "2018.??.??"]

1. e4 e5 2. Nf3 Nc6 3. c3 d5 4. Bb5 dxe4 5. Ng5 Qxg5 6. O-O Bh3 7. g3 Bxf1 8.
Qxf1 Qg6 9. Qc4 a6 10. Bxc6+ Qxc6 11. Qb3 Bc5 12. d4 exd3 {White resigns} 0-1

[Event "FICS rated blitz game"]
[Site "FICS freechess.org"]
[Date "2018.01.15"]
[Round "?"]
[White "Dinset"]
[Black "pawanchamp"]
[Result "1-0"]
[WhiteElo "1451"]
[BlackElo "1397"]
[PlyCount "55"]
[EventDate "2018.??.??"]
[EventType "blitz"]

1. e4 e5 2. Nf3 Nc6 3. c3 Nf6 4. Bd3 d5 5. exd5 Nxd5 6. Be4 Be6 7. O-O h5 8. d4
Bg4 9. dxe5 Be6 10. Ng5 Qd7 11. Nxe6 fxe6 12. Bg6+ Kd8 13. Bg5+ Kc8 14. Na3 a6
15. Nc4 Kb8 16. Ne3 Be7 17. c4 Bxg5 18. Nxd5 exd5 19. cxd5 Ne7 20. Be4 Ka7 21.
f4 Bh6 22. Rc1 Raf8 23. d6 cxd6 24. exd6 Nc8 25. Qd4+ Nb6 26. Rc7 Qa4 27. Rxb7+
Ka8 28. Rxb6+ {Black resigns} 1-0

[Event "FICS rated blitz game"]
[Site "FICS freechess.org"]
[Date "2018.01.15"]
[Round "?"]
[White "fadaro"]
[Black "xebbert"]
[Result "0-1"]
[WhiteElo "1524"]
[BlackElo "1536"]
[PlyCount "28"]
[EventDate "2018.??.??"]
[EventType "blitz"]

1. e4 Nc6 2. c3 e5 3. Nf3 d5 4. exd5 Qxd5 5. Be2 e4 6. Nh4 Be7 7. c4 Qe5 8. Bg4
Bxh4 9. Bxc8 Rxc8 10. Qg4 Bxf2+ 11. Kxf2 Rd8 12. Re1 Nf6 13. Qxg7 Rg8 14. Qh6
Ng4+ {White resigns} 0-1